000 02210nam0a2200469 4500
001 RU\NLR\bibl\1072314
005 20260210121843.0
010 _a5-89329-906-X
010 _a5-288-04116-4
_91000
021 _aRU
_b2007-13610
_9728
035 _a(NLR Aleph) 001059539
090 _a929750
_c929750
100 _a20070412d2006 u y0rusy50 ca
101 1 _arus
_ceng
102 _aRU
105 _ay |||||||||
135 _acrmn mmmanaba
200 1 _aТри способа пролить чернила
_dPhilosophical papers
_eфилософские работы
_fДжон Остин
_g[пер. с англ. В. Кирющенко]
210 _aСанкт-Петербург
_cАлетейя
_cСанкт-Петербургский университет
_d2006
215 _a333, [1] с.
_d22
225 1 _aПрофессорская библиотека
300 _aАвт. также на англ. яз.: J.L. Austin
320 _aБиблиогр. в подстроч. примеч.
325 _aКопия доступна в Электрон. б-ке РНБ
510 1 _6z12790
_aPhilosophical papers
_zeng
606 1 _aЛингвистическая философия
_yВеликобритания
_2nlr_sh2
_3RU\NLR\auth\66636778
686 _aЮ3(4Вл)6-671.22
700 1 _aОстин
_bД.
_cфилософ
_f1911-1960
_gДжон
_3RU\NLR\AUTH\7751294
_4070
790 1 _6z12510
_aAustin
_bJ. L.
_f1911-1960
_gJohn Langshaw
_3RU\NLR\auth\7751295
_4070
_7ba
801 0 _aRU
_bNLR
_c20070412
_gRCR
801 1 _aRU
_bNLR
_c20070412
830 _aавт. раскрыт по кн.
856 0 _uhttps://vivaldi.nlr.ru/bx700002300/view
856 1 _uhttps://vivaldi.nlr.ru/bx700002300/cover
856 2 _uhttps://vivaldi.nlr.ru/bx700002300/text
942 _cUNSPEC
980 _aNB
981 1 3 _a(13) Документы, защищенные авторским правом
_b(13) Современная научная, научно-популярная и популярная л